000 01579nam a2200493 i 4500
001 20261
003 KOSZ 005
005 20240405063028.0
008 010403s1976 pl a |000 0 pol
015 _aUWD 1977/1207
035 _a991015964499705066
035 _a(PL-WaBN)b14286385-48omnis_nlop
035 _ab14286385
035 _a(OCoLC)830236409
035 _a(PL)b0000001428638
035 _a(EXLNZ-48OMNIS_NETWORK)9910253804605606
040 _aWA N
_cWA N
_dKOSZ 005/HR
041 0 _apol
046 _k1976
080 _a69
080 _a72
080 _a502
080 _a614
100 1 _aRzymkowski, Andrzej
_d(1911-1986)
_eAutor
245 1 0 _aSzkice z natury /
_cAndrzej Rzymkowski.
260 _aKoszalin :
_bKrajowa Agencja Wydawnicza :
_bna zlec. Koszalińskiego Towarzystwa Społeczno-Kulturalnego,
_c1976.
300 _a187, [3] s. :
_bil., wykr. ;
_c20 cm.
336 _aTekst
_btxt
_2rdacontent
337 _aBez urządzenia pośredniczącego
_bn
_2rdamedia
338 _aWolumin
_bnc
_2rdacarrier
380 _aKsiążki
388 _a1901-2000
388 _a1945-1989
648 7 _a1901-2000
_2DBN
650 7 _aBudownictwo
_2DBN
650 7 _aMedycyna społeczna
_2DBN
650 7 _aŚrodowisko człowieka
_2DBN
655 7 _aPublicystyka polska
_2DBN
658 _aArchitektura i budownictwo
658 _aOchrona środowiska
856 _uhttp://koha.tu.koszalin.pl/cgi-bin/koha/opac-detail.pl?biblionumber=20261
_yKatalog online BPK
942 _2UKD
_cKS
999 _c20261
_d20261